The invention of the telescope (Record no. 6466)

MARC details
000 -LEADER
fixed length control field 00605nam a2200193Ia 4500
003 - CONTROL NUMBER IDENTIFIER
control field IN-BaIIA
008 - FIXED-LENGTH DATA ELEMENTS--GENERAL INFORMATION
fixed length control field 211028s9999 xx 000 0 eng d
020 ## - INTERNATIONAL STANDARD BOOK NUMBER
International Standard Book Number 0-87169-674-6
040 ## - CATALOGING SOURCE
Transcribing agency IIA Library
080 ## - UNIVERSAL DECIMAL CLASSIFICATION NUMBER
Universal Decimal Classification number 520.2
Item number HEL
100 ## - MAIN ENTRY--PERSONAL NAME
Personal name Helden, Albert Van
9 (RLIN) 11099
245 #4 - TITLE STATEMENT
Title The invention of the telescope
Statement of responsibility, etc. Albert Van Helden
260 ## - PUBLICATION, DISTRIBUTION, ETC.
Place of publication, distribution, etc. Philadelphia
Name of publisher, distributor, etc. The American Philosophical Society
Date of publication, distribution, etc. 1977
300 ## - PHYSICAL DESCRIPTION
Extent 67p.
650 ## - SUBJECT ADDED ENTRY--TOPICAL TERM
Topical term or geographic name entry element Astronomical telescopes
9 (RLIN) 2016
650 ## - SUBJECT ADDED ENTRY--TOPICAL TERM
Topical term or geographic name entry element Astronomy and astrophysics thesaurus
650 ## - SUBJECT ADDED ENTRY--TOPICAL TERM
Topical term or geographic name entry element Telescopes
9 (RLIN) 1997
942 ## - ADDED ENTRY ELEMENTS (KOHA)
Koha item type Books
Holdings
Withdrawn status Lost status Damaged status Not for loan Home library Current library Shelving location Date acquired Total Checkouts Full call number Barcode Date last seen Price effective from Koha item type Purchase Price
        IIA Library-Bangalore IIA Library-Bangalore General Stacks 25/02/1980   520.2/ HEL 7198 05/11/2021 25/02/1980 Books 25

Powered by Koha